00475nam a2200181 a 4500001001300000003000900013005001700022008004100039020002300080082001700103100001800120245003000138260003300168300000900201500003500210650003000245700001800275nice12345678IN_TiNIC20260116013159.0070625s1986 newa grp 000 0 eng  a0883446855 c60000a230.046bCON aCone, James H aBlack Theology Liberation aNew YorkbOrbis Books c1986 a214p aincludes index and biblioraphy aLiberation Theology-Black1 aCone, James H